000 01665nam a2200349 a 4500
001 ebr10678010
003 CaPaEBR
006 m u
007 cr cn|||||||||
008 100125s2010 nyua sb 001 0 eng d
010 _z 2010003162
020 _z9781616685294 (hardcover)
020 _z1616685298 (hardcover)
020 _z9781616683993 (e-book)
040 _aCaPaEBR
_cCaPaEBR
035 _a(OCoLC)730502324
050 1 4 _aRK655.5
_b.S53 2010eb
082 0 4 _a617.6/95
_222
100 1 _aSideridou, Irini D.
245 1 0 _aPolymeric materials in dentistry
_h[electronic resource] /
_cIrini D. Sideridou.
260 _aNew York :
_bNova Science Publishers,
_c2010.
300 _aviii, 181 p. :
_bill.
490 1 _aDental science, materials and technology
504 _aIncludes bibliographical references and index.
505 0 _aHistorical overview -- Polymeric dental prosthetic materials -- Polymeric dental restorative materials -- Applications of polymers in oral and maxillofacial surgery -- Applications of polymers in therapy of gingivitis and periodontitis -- Applications of polymers in orthodontic treatments -- Polymeric dental impression materials.
533 _aElectronic reproduction.
_bPalo Alto, Calif. :
_cebrary,
_d2013.
_nAvailable via World Wide Web.
_nAccess may be limited to ebrary affiliated libraries.
650 0 _aPolymers in dentistry.
655 7 _aElectronic books.
_2local
710 2 _aebrary, Inc.
830 0 _aDental science, materials and technology series.
856 4 0 _uhttp://site.ebrary.com/lib/rucke/Doc?id=10678010
_zAn electronic book accessible through the World Wide Web; click to view
999 _c168341
_d168341